| 000 | 00482cam a2200181ua 4500 | ||
|---|---|---|---|
| 020 |
_a0-442-27581-1 _c$43.50 |
||
| 041 |
_aeng _h |
||
| 082 |
_a620.00724 _bPIK/OP |
||
| 100 | _aPike, Ralph W . | ||
| 245 |
_aOptimization for engineering systems / _cRalph W Pike. _hTextual Documents |
||
| 250 |
_a / _b. |
||
| 260 |
_aNew York : _bVan Nostrand Reinhold Company , _c1935. |
||
| 300 | _a417 ; . | ||
| 365 | _a$43.50 | ||
| 504 | _a | ||
| 942 | _cBK | ||
| 999 |
_c11071 _d11071 |
||